Prestressed Concrete (Record no. 55329)
[ view plain ]
| 000 -LEADER | |
|---|---|
| fixed length control field | 00415nam a2200181Ia 4500 |
| 008 - FIXED-LENGTH DATA ELEMENTS--GENERAL INFORMATION | |
| fixed length control field | 230524s9999 xx 000 0 und d |
| 020 ## - INTERNATIONAL STANDARD BOOK NUMBER | |
| ISBN | 8123901534 |
| 082 ## - DEWEY DECIMAL CLASSIFICATION NUMBER | |
| Classification number | 620.137 |
| Item number | PAN |
| 100 ## - MAIN ENTRY--AUTHOR NAME | |
| Personal name | G.S.Pandit |
| 245 #0 - TITLE STATEMENT | |
| Title | Prestressed Concrete |
| 250 ## - EDITION STATEMENT | |
| Edition statement | 1 |
| 260 ## - PUBLICATION, DISTRIBUTION, ETC. (IMPRINT) | |
| Place of publication | New Delhi |
| Name of publisher | CBS |
| Year of publication | 2015 |
| 300 ## - PHYSICAL DESCRIPTION | |
| Number of Pages | "xvi,701p;" |
| 500 ## - GENERAL NOTE | |
| General note | Quantity Number: 2 |
| 650 ## - SUBJECT ADDED ENTRY--TOPICAL TERM | |
| Topical Term | Civil |
| 700 ## - ADDED ENTRY--PERSONAL NAME | |
| Personal name | S.P. Gupta |
| 942 ## - ADDED ENTRY ELEMENTS (KOHA) | |
| Koha item type | Books |
| Lost status | Damaged status | Permanent Location | Current Location | Shelving location | Date acquired | Full call number | Accession Number | Koha item type |
|---|---|---|---|---|---|---|---|---|
| Central Library, Trident Academy of Technology | Central Library, Trident Academy of Technology | General Stacks | 05/24/2023 | 620.137 PAN | 52907 | Books | ||
| Central Library, Trident Academy of Technology | Central Library, Trident Academy of Technology | General Stacks | 05/24/2023 | 620.137 PAN | 52908 | Books |
